| 000 | 01017nam a2200289 i 4500 | ||
|---|---|---|---|
| 003 | EG-GICUC | ||
| 005 | 20260121101731.0 | ||
| 008 | 260117s1972 it ||||fr ||| 00| 0 fre d | ||
| 040 |
_aEG-GICUC _cEG-GICUC _dEG-GICUC _erda _bfre |
||
| 041 | 0 | _afre | |
| 082 | 0 | 4 |
_221 _a341.48 _bIN . S |
| 092 | 0 | 4 | _221 |
| 099 | _aLaw1 11 341.48 IN . S 1972 | ||
| 110 |
_aInstitut International De Droit Humanitaire _eAuteur |
||
| 245 | 1 | 2 |
_aSur L’Enseignement Du Droit Humanitaire Dans Les Institutions Militaires / _cInstitut International De Droit Humanitaire . |
| 264 | 0 |
_aItaly : _bInstitut International De Droit Humanitaire , _c1972 . |
|
| 300 |
_a187 Pages; _c30 cm. |
||
| 336 |
_atext _2rda content |
||
| 337 |
_aComputer _2rda media |
||
| 338 |
_aOnline Resource _2rda carrier |
||
| 546 | _aTexte bilingue (français -anglais)) | ||
| 650 | 0 | 4 | _aDroit international public |
| 650 | 0 | 4 | _adroits de l'homme |
| 856 | _uhttps://fll.law.cu.edu.eg/fulltext/th/B11-06797.pdf | ||
| 905 | _a59 | ||
| 942 |
_2ddc _cBK _e21 _n0 |
||
| 999 |
_c57299 _d57299 |
||